Principles of internet marketing
Αποθηκεύτηκε σε:
| Κύριος συγγραφέας: | |
|---|---|
| Μορφή: | Βιβλίο |
| Γλώσσα: | English |
| Δημοσίευση: |
Australia :
South-Western College,
c2000
|
| Θέματα: | |
| Ετικέτες: |
Προσθήκη ετικέτας
Δεν υπάρχουν, Καταχωρήστε ετικέτα πρώτοι!
|
MARC
| LEADER | 00000cam a2200000 i 4500 | ||
|---|---|---|---|
| 001 | 1/18131 | ||
| 008 | 010308s2000 eng d | ||
| 020 | |a 0-538-87573-9 | ||
| 035 | |l 10066385 | ||
| 040 | |a GR-MY-UA |b gre |e aacr | ||
| 041 | 0 | |a eng | |
| 082 | 0 | |a 658.84 | |
| 100 | 1 | |a Hanson, Ward A. | |
| 245 | 1 | 0 | |a Principles of internet marketing / |c Ward Hanson |
| 260 | |a Australia : |b South-Western College, |c c2000 | ||
| 300 | |a xix, 467 σ.; |b εικ.; |c 24 εκ. | ||
| 504 | |a Περιλαμβάνει βιβλιογραφικές παραπομπές και ευρετήριο | ||
| 650 | 0 | 0 | |a Internet marketing. |
| 852 | |a INST |b CHIOS |e 20010308 |h 658.84 HAN |p 005200021602 |q 005200021602 |t BK |y 0 | ||
| 852 | |a INST |b SAMOS |e 20020307 |h 658.84 HAN |p 005300020278 |q 005300020278 |t BK |y 0 | ||
| 901 | |a BIBL2-2001-1 | ||
| 901 | |a BIBL3-2002-1 | ||
| 909 | |a Χ |b 083334 | ||
| 909 | |a Σ |b 087322 | ||
| 922 | |a 3ΕΛΗ |b 200008 |c ΤΠΕΣ/ΠΟΛ-2 |d LEADER | ||
| 970 | |a ΣΑΛΑΜΟΥΡΑ |b ΜΑΡΙΑ |z 2001/03/08 | ||